Better Learning Through Structured Teaching (Record no. 24152)

MARC details
000 -LEADER
fixed length control field 00513nam a22001937a 4500
003 - CONTROL NUMBER IDENTIFIER
control field OSt
005 - DATE AND TIME OF LATEST TRANSACTION
control field 20260612120543.0
008 - FIXED-LENGTH DATA ELEMENTS--GENERAL INFORMATION
fixed length control field 260612b |||||||| |||| 00| 0 eng d
020 ## - INTERNATIONAL STANDARD BOOK NUMBER
International Standard Book Number 9781416616290
040 ## - CATALOGING SOURCE
Transcribing agency Chuka University Library
050 ## - LIBRARY OF CONGRESS CALL NUMBER
Classification number LB 1027.23
Item number .F5 2014
100 ## - MAIN ENTRY--PERSONAL NAME
Personal name Fisher Douglas
9 (RLIN) 28676
245 ## - TITLE STATEMENT
Title Better Learning Through Structured Teaching
260 ## - PUBLICATION, DISTRIBUTION, ETC.
Place of publication, distribution, etc. U.S.A
Name of publisher, distributor, etc. ASCD
Date of publication, distribution, etc. 2014
300 ## - PHYSICAL DESCRIPTION
Extent 158.P
650 ## - SUBJECT ADDED ENTRY--TOPICAL TERM
Topical term or geographic name entry element Active Learning
9 (RLIN) 11597
650 ## - SUBJECT ADDED ENTRY--TOPICAL TERM
Topical term or geographic name entry element Teaching
9 (RLIN) 9404
942 ## - ADDED ENTRY ELEMENTS (KOHA)
Source of classification or shelving scheme Library of Congress Classification
Koha item type Long Loan Books
Suppress in OPAC No
Holdings
Withdrawn status Lost status Source of classification or shelving scheme Damaged status Not for loan Collection Home library Current library Shelving location Date acquired Source of acquisition Cost, normal purchase price Total Checkouts Full call number Barcode Date last seen Price effective from Koha item type
    Library of Congress Classification     General Collection Books Main Campus Library Main Campus Library General Stacks 12/06/2026 Donation from books for Africa 2276.43   LB 1027.23 .F5 2014 34267/2026 12/06/2026 12/06/2026 Long Loan Books

Powered by Koha